000 00643nam a2200277Ia 4500
005 20260324125950.0
008 008 260324s9999 xx 000 0 eng d
020 _a9781003151289
037 _aEBOOK
040 _aCRL
040 _beng
040 _cCRL
041 _2eng
041 _aeng
084 _qCRL
100 _aMark A. Gabriel
_91180008
245 0 _aVisions for a Sustainable Energy Future
260 _bTaylor and Francis
260 _c2008
365 _a
365 _b200
856 _uhttp://www.taylorfrancis.com/books/9781003151289
942 _cEBOOK
999 _c1775713
_d1775713